[Event "xxx"]
[Site ""]
[Date "1998.07.28"]
[Round "4"]
[White "TITZ, Heimo Dr."]
[Black "SCHWANINGER, Wolfgang"]
[Result "0-1"]
[WhiteElo "2305"]
[BlackElo "2080"]
[PlyCount "97"]
[EventDate "1998.07.25"]

1. c4 g6 2. e4 Bg7 3. d4 d6 4. Nc3 Nf6 5. Nf3 Bg4 6. Be2 O-O 7. Be3 Nbd7 8. O-O
c6 9. h3 Bxf3 10. Bxf3 e5 11. d5 c5 12. Rb1 Qe7 13. Qc2 Ne8 14. b4 b6 15. a4 f5
16. bxc5 dxc5 17. exf5 gxf5 18. d6 Nxd6 19. Bxa8 Rxa8 20. Nd5 Qh4 21. f4 Kh8
22. Rbd1 Rd8 23. Nc7 Nf8 24. Nb5 Nxb5 25. axb5 e4 26. Rxd8 Qxd8 27. Rd1 Bd4 28.
Bxd4+ cxd4 29. c5 d3 30. Qc3+ Kg8 31. Qc4+ Kg7 32. c6 Qc7 33. g3 Kf6 34. Qd4+
Kf7 35. Qd5+ Kf6 36. Kf2 h5 37. Ke3 Ne6 38. h4 Qe7 39. Qe5+ Kg6 { } 40. c7
40... Qd7 (40... Nxc7) 41. Ra1 Nxc7 42. Qh8 Nd5+ 43. Kd2 Nf6 44. Qb8 Qd4 45.
Qe5 e3+ 46. Ke1 Qb4+ 47. Kf1 e2+ 48. Kg2 Qe4+ 49. Kf2 0-1

[Event "xxx"]
[Site ""]
[Date "1998.07.28"]
[Round "4"]
[White "KLEISSL, Helmut"]
[Black "SCHWANINGER, Ulrike Dr."]
[Result "1-0"]
[WhiteElo "2300"]
[BlackElo "2045"]
[PlyCount "119"]
[EventDate "1998.07.25"]

1. c4 g6 2. Nc3 Bg7 3. d4 Nf6 4. e4 d6 5. Bd3 e5 6. d5 O-O 7. Nge2 Na6 8. O-O
c6 9. Bd2 Nc5 10. Bc2 a5 11. Rb1 Bd7 12. f3 cxd5 13. exd5 Na6 14. Rc1 b5 15.
cxb5 Qb6+ 16. Kh1 Bxb5 17. Nxb5 Qxb5 18. Ba4 Qxb2 19. Bc6 Rab8 20. Bxa5 Qxa2
21. Ra1 Qc4 22. Ng3 Rb2 23. Ra4 Qc2 24. Qxc2 Rxc2 25. Raa1 Rb8 26. Rab1 Rbb2
27. Rxb2 Rxb2 28. h4 Nb4 29. Rd1 Bf8 30. Bd8 Kg7 31. h5 Ng8 32. hxg6 hxg6 33.
Ne4 f5 34. Ng5 Be7 35. Ra1 Na2 36. Kh2 Bxd8 37. Ne6+ Kf6 38. Nxd8 Ke7 39. Ne6
Rd2 40. Rb1 e4 41. f4 Nc3 42. Rb7+ Kf6 43. Nc7 Ne7 44. Ne8+ Kf7 45. Nxd6+ { }
45... Kf6 46. Ne8+ Kf7 47. d6 Rxd6 48. Nxd6+ Ke6 49. Nb5 Ne2 50. Bd7+ Kd5 51.
Be8 Nc6 52. Bxg6 Nxf4 53. Bxf5 e3 54. Bg4 Ne5 55. Bf3+ Nxf3+ 56. gxf3 Kc4 57.
Kg3 Nd5 58. Rd7 e2 59. Kf2 Nf6 60. Rd6 1-0

[Event "xxx"]
[Site ""]
[Date "1998.07.28"]
[Round "4"]
[White "VODEP, Otto DI."]
[Black "GRABHER, Heinz"]
[Result "1/2-1/2"]
[WhiteElo "2105"]
[BlackElo "2285"]
[PlyCount "65"]
[EventDate "1998.07.25"]

1. c4 Nc6 2. d4 d5 3. Nf3 Bg4 4. Nc3 e6 5. cxd5 exd5 6. Qa4 Bxf3 7. gxf3 Nge7
8. Bh3 Ng6 9. Be3 Bb4 10. a3 Bxc3+ 11. bxc3 O-O 12. O-O a6 13. Qc2 Qh4 14. Qf5
Nce7 15. Qg4 Qxg4+ 16. fxg4 b5 17. a4 c6 18. Ra2 f5 19. gxf5 Nxf5 20. Bxf5 Rxf5
21. axb5 cxb5 22. Rb1 Rff8 23. Rba1 Rf6 24. Bd2 Re6 25. Kf1 Ne7 26. Bf4 Rc6 27.
f3 Rxc3 28. Rxa6 Rxa6 29. Rxa6 Nc6 30. Rb6 Nxd4 31. Be5 Rc4 32. Bxd4 Rxd4 33.
Rxb5 {.} 1/2-1/2

[Event "xxx"]
[Site ""]
[Date "1998.07.28"]
[Round "4"]
[White "KRANZL, Peter"]
[Black "SEPETAVC, Walter"]
[Result "1-0"]
[WhiteElo "2280"]
[BlackElo "2020"]
[PlyCount "79"]
[EventDate "1998.07.25"]

1. e4 c5 2. c3 Nf6 3. e5 Nd5 4. g3 Qc7 5. Nf3 e6 6. Bg2 d6 7. exd6 Bxd6 8. Na3
Bd7 9. Nc4 Nc6 10. O-O O-O 11. d4 cxd4 12. Nxd6 Qxd6 13. Nxd4 Rad8 14. c4 Nf6
15. Nb3 Qb4 16. Qe2 Rfe8 17. Be3 b6 18. Rfd1 Na5 19. Nxa5 Qxa5 20. Rd3 Rc8 21.
Ra3 Qb4 22. Rxa7 Rxc4 23. Rb7 b5 24. Rd1 Bc8 25. Ra7 { } 25... Ng4 26. Bb6 h5
27. h3 Nf6 28. b3 Rc3 29. Bd4 Rc1 30. Rxc1 Qxd4 31. Rcc7 Rf8 32. Qxb5 h4 33. g4
e5 34. Ra4 Qa1+ 35. Qf1 Qb2 36. Qc1 Qxc1+ 37. Rxc1 Bd7 38. Ra5 Re8 39. Rc7 g5
40. Bd5 1-0

[Event "xxx"]
[Site ""]
[Date "1998.07.28"]
[Round "4"]
[White "FERK, Martin"]
[Black "NIELSEN, Max"]
[Result "0-1"]
[WhiteElo "2095"]
[BlackElo "2275"]
[PlyCount "78"]
[EventDate "1998.07.25"]

1. d4 Nf6 2. c4 c5 3. dxc5 e6 4. Be3 Na6 5. Nf3 Nxc5 6. Bxc5 Bxc5 7. a3 Qb6 8.
e3 Qxb2 9. Nbd2 Qb6 10. Bd3 O-O 11. Rb1 Qc7 12. a4 d5 13. O-O b6 14. Qc2 Qe7
15. cxd5 exd5 16. Nb3 Bg4 17. Nbd4 Rac8 18. Qb3 Ne4 19. h3 Bxf3 20. Nxf3 Rcd8
21. Qc2 Rc8 22. Qb3 Rfd8 23. Ba6 Rc6 24. Rfd1 Rcd6 25. Nd4 Qg5 26. Nf3 Qf6 27.
Rbc1 h6 28. Bb7 Qf5 29. Rc2 Qd7 30. Ba6 Qe7 31. Nd4 Rg6 32. Nf3 Rgd6 33. Nd4
Qg5 34. Nf3 34... Qh5 { } 35. Kf1 d4 36. Rc4 Nxf2 37. Re1 dxe3 38. Rh4 Qf5 39.
Bc4 Ne4 0-1

[Event "xxx"]
[Site ""]
[Date "1998.07.28"]
[Round "4"]
[White "SPOERK, Rainer"]
[Black "WOHLFAHRT, Herbert jun."]
[Result "0-1"]
[WhiteElo "2065"]
[BlackElo "2265"]
[PlyCount "78"]
[EventDate "1998.07.25"]

1. e4 c5 2. Nf3 Nc6 3. Bb5 g6 4. Bxc6 dxc6 5. d3 Bg7 6. h3 Nf6 7. O-O O-O 8.
Be3 c4 9. Nc3 cxd3 10. cxd3 Qa5 11. Qc2 e5 12. d4 exd4 13. Nxd4 Re8 14. Rfe1
Bd7 15. Rad1 Rad8 16. a4 Qc7 17. Bg5 Bc8 18. Re3 Rxd4 19. Rxd4 Ng4 20. hxg4
Bxd4 21. Rd3 Be5 22. f3 Be6 23. Qd2 Bg7 24. Bf4 Qe7 25. Ne2 Qf6 26. e5 Qe7 27.
Rd6 Bd5 28. e6 fxe6 29. Nc3 Kh8 30. Ne4 e5 31. Bg5 Qf8 32. Nf6 Qxd6 33. Nxe8
Qc5+ 34. Kh2 Qd4 35. Qa5 e4 36. Qd8 36... Bg8 { } 37. Qxd4 Bxd4 38. fxe4 Bxb2
39. Nf6 Be6 0-1

[Event "xxx"]
[Site ""]
[Date "1998.07.29"]
[Round "5"]
[White "EINGORN, Vereslav"]
[Black "LAKOS, Nikoletta"]
[Result "1-0"]
[WhiteElo "2610"]
[BlackElo "2385"]
[PlyCount "69"]
[EventDate "1998.07.25"]

1. Nf3 Nf6 2. c4 g6 3. b3 Bg7 4. Bb2 O-O 5. g3 d6 6. Bg2 e5 7. O-O h6 8. Nc3
Re8 9. d3 Nc6 10. Qc1 Be6 11. e4 Nd7 12. h3 Nc5 13. Ne1 a5 14. Rb1 Qd7 15. Kh2
f5 16. exf5 gxf5 17. Nd5 Bf7 18. Nc2 Ne6 19. Qd2 Qd8 20. Rbe1 Bg6 21. Ba1 h5
22. f4 Kh7 23. h4 Ncd4 24. fxe5 Bxe5 25. Nxd4 Qxh4+ 26. Kg1 Bxd4+ 27. Rf2 Qd8
28. Bxd4 Nxd4 29. Rxe8 Bxe8 30. Rf1 c6 31. Qf2 cxd5 32. Qxd4 dxc4 33. Rxf5 Bg6
34. Rb5 Rb8 35. Be4 { } 1-0

[Event "xxx"]
[Site ""]
[Date "1998.07.29"]
[Round "5"]
[White "KRUMPACNIK, Domen"]
[Black "LERNER, Konstantin"]
[Result "0-1"]
[WhiteElo "2380"]
[BlackElo "2580"]
[PlyCount "132"]
[EventDate "1998.07.25"]

1. d4 Nf6 2. Nf3 e6 3. Bg5 h6 4. Bh4 c5 5. c3 b6 6. Nbd2 Bb7 7. e3 Be7 8. h3
O-O 9. Bd3 cxd4 10. exd4 Nh5 11. Bxe7 Qxe7 12. O-O Nf4 13. Be4 Bxe4 14. Nxe4 d5
15. Ng3 Nc6 16. Re1 Ng6 17. Ne2 b5 18. a3 a5 19. Nc1 b4 20. axb4 axb4 21. Nd3
bxc3 22. bxc3 Ra3 23. Qc2 Rfa8 24. Rxa3 Qxa3 25. c4 dxc4 26. Qxc4 Nce7 27. Nfe5
Rc8 28. Qb5 Qd6 29. Nxg6 Nxg6 30. Ne5 Rb8 31. Qe2 Ne7 32. Qf3 Rf8 33. Rd1 Qc7
34. Rb1 Nd5 35. Qb3 Rc8 36. Qb7 Nc3 37. Qxc7 Rxc7 38. Rb8+ Kh7 39. Kf1 Ra7 40.
Ke1 f6 41. Nc4 Ra4 42. Rc8 Nb5 43. d5 { } 43... exd5 44. Ne3 Ra1+ 45. Kd2 Nd6
46. Rd8 Ne4+ 47. Kd3 Nxf2+ 48. Kd4 Ra4+ 49. Kxd5 Re4 50. Nc4 Re2 51. Rb8 Nd3
52. g3 Rg2 53. Rb3 Rxg3 54. Kd4 Nf4 55. Rxg3 Ne2+ 56. Ke4 Nxg3+ 57. Kf4 Nh5+
58. Kf5 g6+ 59. Ke6 Kg7 60. Nd6 Nf4+ 61. Ke7 g5 62. Ne8+ Kg6 63. Nxf6 Nxh3 64.
Ke6 Nf4+ 65. Ke5 Nd3+ 66. Ke6 h5 0-1

[Event "xxx"]
[Site ""]
[Date "1998.07.29"]
[Round "5"]
[White "LANKA, Zigurds"]
[Black "PINGITZER, Harald"]
[Result "1-0"]
[WhiteElo "2515"]
[BlackElo "2300"]
[PlyCount "43"]
[EventDate "1998.07.25"]

1. e4 c6 2. d4 d5 3. exd5 cxd5 4. c4 Nf6 5. Nc3 Nc6 6. Bg5 Qa5 7. a3 dxc4 8. d5
Ne5 9. Qd4 h6 10. Bd2 Nd3+ 11. Bxd3 cxd3 12. Nf3 e6 13. O-O Nxd5 14. Rfe1 Nxc3
15. Bxc3 Qd8 16. Qe4 Bd7 17. Ne5 Qc7 18. Rad1 Bc6 19. Qxd3 Be7 20. Nxc6 Qxc6
21. Bxg7 Rd8 22. Qb1 { } 1-0

[Event "xxx"]
[Site ""]
[Date "1998.07.29"]
[Round "5"]
[White "KOVACS, Gabor"]
[Black "BALINOV, Ilia"]
[Result "1-0"]
[WhiteElo "2340"]
[BlackElo "2450"]
[PlyCount "139"]
[EventDate "1998.07.25"]

1. d4 Nf6 2. Nf3 d6 3. Bg5 Nbd7 4. Nbd2 h6 5. Bh4 g6 6. e4 Bg7 7. c3 O-O 8. Be2
e5 9. dxe5 dxe5 10. Qc2 Qe8 11. O-O Nh5 12. Rfe1 Nc5 13. Nc4 Nf4 14. Bf1 f6 15.
Nfd2 Kh8 16. f3 Rg8 17. Bf2 Bf8 18. Nb3 Nce6 19. Ne3 Be7 20. Na5 Qf8 21. Red1
Ng5 22. Nd5 Nxd5 23. Rxd5 Ne6 24. Be3 g5 25. g3 Nf4 26. Rdd1 Qe8 27. Kh1 Qh5
28. Qf2 g4 29. Nc4 Be6 30. b3 Rg7 31. Rd2 Rag8 32. fxg4 Bxg4 33. Bxf4 exf4 34.
Qxf4 f5 35. Rd5 Bg5 36. Qf2 Bf3+ 37. Bg2 fxe4 38. Bxf3 exf3 39. Rf5 { } 39...
Rf7 40. g4 Qg6 41. Qxf3 Rxf5 42. gxf5 Qg7 43. Rg1 b5 44. Nd2 Qe5 45. Ne4 Bf6
46. Rxg8+ Kxg8 47. Qg3+ Kf7 48. Qxe5 Bxe5 49. Kg2 Kg7 50. h3 Kf7 51. Kf3 Kg7
52. c4 bxc4 53. bxc4 Kf7 54. Nf2 Kf6 55. Ke4 Bd6 56. Nd3 Kg5 57. c5 Bg3 58. Ne5
Bf2 59. Nd7 Bg3 60. c6 h5 61. a4 Bd6 62. Ne5 Kh4 63. Ng6+ Kxh3 64. Kf3 h4 65.
f6 a5 66. f7 Bc5 67. f8=Q Bxf8 68. Nxf8 Kh2 69. Ng6 h3 70. Nf4 1-0

[Event "xxx"]
[Site ""]
[Date "1998.07.29"]
[Round "5"]
[White "KUMMER, Helmut"]
[Black "KOUTSIN, Sergej"]
[Result "1/2-1/2"]
[WhiteElo "2315"]
[BlackElo "2415"]
[PlyCount "81"]
[EventDate "1998.07.25"]

1. d4 d5 2. c4 c6 3. Nf3 Nf6 4. Nc3 e6 5. e3 a6 6. Bd3 dxc4 7. Bxc4 b5 8. Bd3
c5 9. a4 b4 10. Ne4 Nbd7 11. O-O Bb7 12. Ng3 Bd6 13. Qe2 O-O 14. Rd1 cxd4 15.
exd4 Qa5 16. Be3 Rfe8 17. Ng5 h6 18. N5e4 Bf8 19. Rdc1 Rac8 20. Rd1 Nd5 21. Nd2
Nxe3 22. fxe3 e5 23. Bf5 Qc7 24. Nc4 exd4 25. Bxd7 Qxd7 26. Nb6 Qc7 27. Nxc8
27... Rxe3 { } 28. Rac1 Qxg3 29. hxg3 Rxe2 30. Rxd4 Rxg2+ 31. Kf1 Rxb2 32. Rd8
g6 33. Nd6 Bg2+ 34. Kg1 Bh3 35. Rc7 { } 35... Be6 (35... Rb1+) 36. Rb7 Kg7 37.
Ne8+ Kh7 38. Nf6+ Kg7 39. Ne8+ Kh7 40. Nf6+ Kg7 41. Ne8+ 1/2-1/2

[Event "xxx"]
[Site ""]
[Date "1998.07.29"]
[Round "5"]
[White "CVITAN, Ognjen"]
[Black "ZOEBISCH, Herbert"]
[Result "1-0"]
[WhiteElo "2525"]
[BlackElo "2235"]
[PlyCount "41"]
[EventDate "1998.07.25"]

1. d4 d5 2. c4 dxc4 3. e3 Nf6 4. Bxc4 e6 5. Nf3 c5 6. O-O a6 7. Bb3 Nc6 8. Nc3
cxd4 9. exd4 Na5 10. Bc2 Be7 11. Ne5 b5 12. Qf3 Bb7 13. Qg3 g6 14. Bh6 Rc8 15.
Rad1 Nc4 16. Nxc4 Rxc4 17. Bb3 Bd6 18. Qh4 { } 18... g5 19. Bxg5 Rg8 20. Bxc4
bxc4 21. d5 1-0

[Event "xxx"]
[Site ""]
[Date "1998.07.29"]
[Round "5"]
[White "NIELSEN, Max"]
[Black "STANEC, Nikolaus"]
[Result "1/2-1/2"]
[WhiteElo "2275"]
[BlackElo "2495"]
[PlyCount "120"]
[EventDate "1998.07.25"]

1. e4 c5 2. Nf3 Nc6 3. d4 cxd4 4. Nxd4 Nf6 5. Nc3 d6 6. Bg5 e6 7. Qd2 a6 8.
O-O-O Bd7 9. f4 Be7 10. Kb1 b5 11. Nxc6 Bxc6 12. Bxf6 gxf6 13. Bd3 Qb6 14. f5
O-O-O 15. Rhe1 Bd7 16. Qh6 Rdg8 17. Qh5 Rg7 18. g3 Kb8 19. Bf1 Qc5 20. Qf3 Rc8
21. fxe6 fxe6 22. Qd3 Rc7 23. Rd2 Bc8 24. Ne2 Rg8 25. Nf4 Re8 26. Qf3 Bf8 27.
Bd3 Bg7 28. Rdd1 Bh8 29. Qh5 Qxh5 30. Nxh5 Rc5 31. Nf4 Kc7 32. c3 Re5 33. Bc2
Bb7 34. Re2 Bg7 35. Rde1 Bf8 36. Nd3 Rg5 37. Nf4 Bc8 38. Rf2 Be7 39. Bb3 Bd8
40. Rd2 Kd7 41. a4 Ke7 42. axb5 axb5 43. Ne2 Bb6 44. Nd4 Bd7 45. Red1 Bc7 46.
Rf1 Rg4 47. Bc2 Bb6 48. Rfd1 Rd8 49. Rf1 Rc8 50. Rfd1 Bc7 51. Bd3 Rb8 52. b4
Rb7 53. Rf1 Be8 54. Rdf2 Rg6 55. Kb2 h5 56. Ra1 Rh6 57. Ra8 Bd7 58. Nf3 Bb6 59.
Re2 Rc7 60. Nd4 60... Bxd4 { } 1/2-1/2

[Event "xxx"]
[Site ""]
[Date "1998.07.29"]
[Round "5"]
[White "WOHLFAHRT, Herbert jun."]
[Black "NAIDITSCH, Arkadij"]
[Result "1-0"]
[WhiteElo "2265"]
[BlackElo "2390"]
[PlyCount "59"]
[EventDate "1998.07.25"]

1. Nf3 Nf6 2. g3 c6 3. c4 d5 4. b3 g6 5. Bb2 Bg7 6. Bg2 O-O 7. O-O Nbd7 8. d3
Re8 9. d4 a5 10. Nc3 dxc4 11. bxc4 Nb6 12. Qd3 Be6 13. Nd2 Ng4 14. c5 Nc8 15.
Nf3 b6 16. h3 Nh6 17. Ne5 bxc5 18. Nxc6 { } 18... Qd6 19. Ne4 Qc7 20. Nxc5 Bf5
21. e4 Bd7 22. Nxd7 Qxd7 23. Rac1 Nb6 24. Qb5 Reb8 25. Ba3 Kh8 26. Qc5 Rb7 27.
Qxe7 Qc8 28. Qg5 Qd7 29. d5 Re8 30. Rfd1 1-0

[Event "xxx"]
[Site ""]
[Date "1998.07.29"]
[Round "5"]
[White "DANNER, Georg"]
[Black "MITTELBERGER, Peter Dr."]
[Result "1-0"]
[WhiteElo "2340"]
[BlackElo "2230"]
[PlyCount "65"]
[EventDate "1998.07.25"]

1. d4 d6 2. c4 Nf6 3. Nc3 g6 4. e4 Bg7 5. Nf3 O-O 6. Be2 e5 7. d5 a5 8. Be3 Ng4
9. Bg5 f6 10. Bh4 h5 11. Nd2 Nh6 12. f3 Na6 13. a3 Bd7 14. Rb1 g5 15. Bf2 Nc5
16. b4 axb4 17. axb4 Na4 18. Qc2 Nxc3 19. Qxc3 b6 20. c5 bxc5 21. bxc5 Rf7 22.
Nc4 Bf8 23. c6 Bc8 24. O-O { } 24... g4 25. Ra1 Rxa1 26. Rxa1 gxf3 27. Bxf3 Bg4
28. Bh4 Qb8 29. Qb2 Qxb2 30. Nxb2 Bxf3 31. gxf3 Be7 32. Ra7 f5 33. Rxc7 1-0

[Event "xxx"]
[Site ""]
[Date "1998.07.29"]
[Round "5"]
[White "ZIMMERMAN, Yuri"]
[Black "LASCHET, Ewald"]
[Result "1/2-1/2"]
[WhiteElo "2340"]
[BlackElo "2195"]
[PlyCount "116"]
[EventDate "1998.07.25"]

1. d4 Nf6 2. c4 e6 3. Nc3 Bb4 4. Qc2 b6 5. e4 c5 6. e5 cxd4 7. a3 Bf8 8. Nb5
Ng8 9. Nf3 Nc6 10. Be2 f6 11. Nbxd4 Nge7 12. exf6 gxf6 13. O-O Bb7 14. Rd1 Kf7
15. Qd3 Ng6 16. Nxc6 Bxc6 17. b4 Qc7 18. Nd4 Re8 19. Nxc6 dxc6 20. Qd7+ Re7 21.
Qxc7 Rxc7 22. f4 f5 23. Be3 Bh6 24. Bh5 e5 25. Rd3 exf4 26. Bf2 Re8 27. Rad1
Bg7 28. c5 b5 29. Bh4 Bf6 30. Bxf6 Kxf6 31. Rd6+ Re6 32. Rxe6+ Kxe6 33. Rd6+
Kf7 34. Kf2 Kg7 35. Kf3 Ne5+ 36. Kxf4 Nc4 37. Rd3 Kf6 38. Bf3 a6 39. g3 h6 40.
Bg2 Ke6 41. Bh3 Rf7 42. Rd1 Rf6 43. Ra1 a5 44. Bf1 axb4 45. axb4 45... Rf8 { }
46. Bg2 Rd8 47. Ra6 Rd4+ 48. Kf3 Ne5+ 49. Ke3 Rxb4 50. Bxc6 Nxc6 51. Rxc6+ Kd5
52. Rxh6 Rc4 53. c6 Rxc6 54. Rxc6 Kxc6 55. Kd4 Kd6 56. h4 b4 57. Kc4 Ke5 58.
Kxb4 f4 1/2-1/2

[Event "xxx"]
[Site ""]
[Date "1998.07.29"]
[Round "5"]
[White "WADSACK, Wolfgang"]
[Black "ZSINKA, Laszlo"]
[Result "0-1"]
[WhiteElo "2180"]
[BlackElo "2340"]
[PlyCount "123"]
[EventDate "1998.07.25"]

1. e4 e5 2. Nc3 Nf6 3. Nf3 Nc6 4. d4 exd4 5. Nxd4 Bb4 6. Nxc6 bxc6 7. Bd3 d5 8.
exd5 cxd5 9. O-O O-O 10. Bg5 c6 11. Qf3 h6 12. Bxf6 Qxf6 13. Qxf6 gxf6 14. Ne2
Bd6 15. Rad1 Re8 16. Ng3 Bg4 17. f3 Be6 18. Rfe1 Be5 19. b3 Bc3 20. Rf1 c5 21.
Bb5 Red8 22. Rd3 Bd4+ 23. Kh1 Rab8 24. Ba4 f5 25. f4 Bf6 26. Nh5 Bh8 27. Rfd1
Kf8 28. Bc6 d4 29. c4 Rb6 30. Bf3 a5 31. Ng3 a4 32. Nf1 Rdb8 33. Nd2 axb3 34.
axb3 Ra6 35. h3 Bf6 36. g4 Ra2 37. Kg2 Bh4 38. Bd5 Bxd5+ 39. cxd5 Rd8 40. Kf3
Rxd5 41. gxf5 h5 42. Ke4 Rd8 43. Rc1 Be1 44. Rd1 f6 45. Nc4 45... Re2+ { } 46.
Kf3 Rde8 47. Ne5 Rf2+ 48. Kg3 h4+ 49. Kg4 Rg2+ 50. Kf3 Rg3+ 51. Ke4 fxe5 52.
fxe5 Rxd3 53. Rxd3 Bg3 54. e6 Ke7 55. b4 Rc8 56. b5 Kf6 57. Ra3 Bd6 58. Ra7 Be7
59. b6 Rb8 60. b7 d3 61. Ra8 Rxb7 62. Rg8 0-1

[Event "xxx"]
[Site ""]
[Date "1998.07.29"]
[Round "5"]
[White "SANDHU, Mario"]
[Black "GAERTNER, Guntram"]
[Result "1/2-1/2"]
[WhiteElo "2190"]
[BlackElo "2340"]
[PlyCount "47"]
[EventDate "1998.07.25"]

1. b3 d5 2. e3 e5 3. Bb2 Bd6 4. Nf3 Qe7 5. d4 e4 6. Nfd2 c6 7. a4 f5 8. Ba3 Nf6
9. Bxd6 Qxd6 10. c4 f4 11. Be2 O-O 12. Nc3 fxe3 13. fxe3 Be6 14. O-O a6 15. c5
Qe7 16. b4 Nbd7 17. h3 a5 18. bxa5 Nxc5 19. Qc1 Ncd7 20. Nb3 Qd6 21. Qe1 Bf7
22. Rb1 Bh5 23. g4 Bf7 24. Kg2 {.} 1/2-1/2

[Event "xxx"]
[Site ""]
[Date "1998.07.29"]
[Round "5"]
[White "SZIEBERT, Adam"]
[Black "KARLUSCH, Albrecht"]
[Result "1/2-1/2"]
[WhiteElo "2330"]
[BlackElo "2185"]
[PlyCount "93"]
[EventDate "1998.07.25"]

1. e4 e6 2. d4 d5 3. Nc3 Bb4 4. e5 c5 5. a3 Bxc3+ 6. bxc3 Ne7 7. Qg4 Qc7 8.
Qxg7 Rg8 9. Qxh7 cxd4 10. Ne2 dxc3 11. f4 Bd7 12. Qd3 Na6 13. Qxc3 Rc8 14. Qxc7
Rxc7 15. Nd4 Ba4 16. Be3 Nc5 17. Bb5+ Kf8 18. O-O Nf5 19. Nxf5 Bxb5 20. Rfb1
exf5 21. Rxb5 Ne6 22. Rxd5 Rxc2 23. Rd2 Rxd2 24. Bxd2 Kg7 25. Kf2 Rd8 26. Be3
b5 27. Rb1 Rd3 28. Rxb5 Rxa3 29. h3 a5 30. g4 Kg6 31. Rb7 Ng7 32. Kf3 a4 33.
Ra7 Ra1 34. Ra6+ Ne6 35. gxf5+ Kxf5 36. Ra7 Nd8 37. Rd7 a3 38. Bd4 Rd1 39. Ke2
Rxd4 40. Rxd4 Ne6 41. Rd7 Nxf4+ 42. Kf3 Nxh3 43. Rxf7+ Kxe5 44. Kg4 a2 45. Ra7
Nf2+ 46. Kg3 Nd3 47. Rxa2 {... (remis nach weiteren 34 Zuegen)} 1/2-1/2

[Event "xxx"]
[Site ""]
[Date "1998.07.29"]
[Round "5"]
[White "FROSCH, Ronald"]
[Black "KLEISSL, Helmut"]
[Result "1/2-1/2"]
[WhiteElo "2180"]
[BlackElo "2300"]
[PlyCount "43"]
[EventDate "1998.07.25"]

1. d4 d6 2. Nf3 Nf6 3. e3 g6 4. b3 Bg7 5. Bb2 O-O 6. Be2 Nbd7 7. O-O c5 8. c4
b6 9. Nc3 Bb7 10. Qc2 a6 11. Rfd1 cxd4 12. Nxd4 Qc7 13. Rac1 Rac8 14. Qd2 Qb8
15. Bf3 Nc5 16. Nd5 Rfe8 17. Nxf6+ Bxf6 18. Bxb7 Qxb7 19. f3 b5 20. Ne2 Bxb2
21. Qxb2 Nd7 22. Nf4 { } 1/2-1/2

[Event "xxx"]
[Site ""]
[Date "1998.07.29"]
[Round "5"]
[White "SCHWANINGER, Wolfgang"]
[Black "KRANZL, Peter"]
[Result "1/2-1/2"]
[WhiteElo "2080"]
[BlackElo "2280"]
[PlyCount "71"]
[EventDate "1998.07.25"]

1. d4 Nf6 2. Nf3 g6 3. g3 Bg7 4. Bg2 O-O 5. O-O d6 6. c4 c6 7. Nc3 Bf5 8. Nh4
Be6 9. b3 d5 10. Qd3 Qa5 11. Bd2 Qa6 12. cxd5 Qxd3 13. exd3 Nxd5 14. Nxd5 Bxd5
15. Bxd5 cxd5 16. Nf3 Nc6 17. Rac1 Rfc8 18. Be3 Rc7 19. Bd2 Rd7 20. Be3 e6 21.
a3 a5 22. Rc2 h6 23. h4 Kh7 24. Ra1 Ra6 25. Rb1 Bf8 26. b4 axb4 27. axb4 Nxb4
28. Ne5 Nxc2 29. Nxd7 Bg7 30. Rxb7 Nxd4 31. Nc5 Rc6 32. Rxf7 Nf5 33. Nb7 Kg8
34. Rd7 Rc3 35. Nd8 { } 35... Nxe3 36. fxe3 1/2-1/2

[Event "xxx"]
[Site ""]
[Date "1998.07.29"]
[Round "5"]
[White "HOPFGARTNER, Heinz DI."]
[Black "WITTMANN, Walter Dr."]
[Result "0-1"]
[WhiteElo "2145"]
[BlackElo "2380"]
[PlyCount "96"]
[EventDate "1998.07.25"]

1. c4 g6 2. Nc3 Bg7 3. g3 c5 4. Bg2 Nc6 5. Nf3 e5 6. O-O Nge7 7. d3 d6 8. Bd2
h6 9. Qc1 Be6 10. h3 Rb8 11. Kh2 a6 12. a4 b6 13. Ne1 h5 14. e4 Nd4 15. Ra3 h4
16. g4 Nec6 17. Nc2 Nxc2 18. Qxc2 Bh6 19. Bxh6 Rxh6 20. Qd2 g5 21. Ne2 Kf8 22.
f3 Kg7 23. b3 Qf6 24. Ra2 Rhh8 25. Rb2 Rb7 26. Kg1 Rhb8 27. Rfb1 27... b5 { }
28. Kh1 Kg6 29. Kg1 Qd8 30. axb5 axb5 31. Nc3 Nd4 32. Nd1 Qf6 33. Kf2 Ra7 34.
Ra2 Rxa2 35. Qxa2 Qf4 36. Kf1 Nxf3 37. Bxf3 Qxf3+ 38. Nf2 Qf6 39. Qa7 Qd8 40.
Ra1 bxc4 41. bxc4 Rb2 42. Ra2 Rb1+ 43. Ke2 Qf6 44. Qa6 Qd8 45. Nd1 Qb8 46. Qa3
Qc8 47. Nf2 Qb7 48. Nd1 Bxc4 0-1

[Event "xxx"]
[Site ""]
[Date "1998.07.29"]
[Round "5"]
[White "HERBST, Daniel"]
[Black "KISS, Attila"]
[Result "0-1"]
[WhiteElo "2135"]
[BlackElo "2340"]
[PlyCount "80"]
[EventDate "1998.07.25"]

1. e4 c5 2. Nc3 Nc6 3. f4 g6 4. Nf3 Bg7 5. Bb5 Nd4 6. a4 a6 7. Bc4 e6 8. e5 d5
9. exd6 Nf6 10. d3 Qxd6 11. Ne4 Nxe4 12. dxe4 Qc6 13. Qd3 Nxf3+ 14. Qxf3 b6 15.
O-O 15... Bb7 { } 16. f5 gxf5 17. exf5 Bd4+ 18. Kh1 Qxf3 19. gxf3 Rg8 20. Bf4
Rg4 21. Bd6 O-O-O 22. h3 Rh4 23. Be7 Rxh3+ 24. Kg2 Rxf3 25. Rxf3 Rg8+ 26. Kh2
Bxf3 27. Bd6 Kd7 28. Bg3 Rg5 29. fxe6+ fxe6 30. Bf4 Rg4 31. Bg3 Bxb2 32. Rb1
Rxc4 33. Rxb2 Kc6 34. Rb3 Rxc2+ 35. Kh3 Be4 36. Ra3 Bf5+ 37. Kh4 Rc4+ 38. Kh5
a5 39. Be5 Re4 40. Bf6 Rg4 0-1

[Event "xxx"]
[Site ""]
[Date "1998.07.29"]
[Round "5"]
[White "BRANDNER, Stefan"]
[Black "GENSER, Harald"]
[Result "1-0"]
[WhiteElo "2340"]
[BlackElo "2155"]
[PlyCount "59"]
[EventDate "1998.07.25"]

1. e4 c5 2. d3 Nc6 3. g3 g6 4. Bg2 Bg7 5. f4 e6 6. Nf3 Nge7 7. c3 d5 8. e5 Nf5
9. O-O h5 10. Ng5 Bh6 11. Na3 Nxe5 12. Nxe6 Nf3+ 13. Qxf3 Bxe6 14. c4 Nd4 15.
Qf2 O-O 16. f5 Nxf5 17. Bxh6 Nxh6 18. Qxc5 b6 19. Qe3 Nf5 20. Qe5 Ne7 21. Nb5
Qd7 22. Nc7 { } 22... Rad8 23. Rf6 Nc6 24. Qf4 Nd4 25. Re1 Bg4 26. Bxd5 Kh7 27.
Qxd4 Qxc7 28. Qf2 Kg7 29. Rc6 Qb8 30. Qf6+ 1-0

[Event "xxx"]
[Site ""]
[Date "1998.07.29"]
[Round "5"]
[White "GRABHER, Heinz"]
[Black "KAMARYT, Thomas"]
[Result "1-0"]
[WhiteElo "2285"]
[BlackElo "2135"]
[PlyCount "84"]
[EventDate "1998.07.25"]

1. e4 e6 2. d4 d5 3. Nc3 dxe4 4. Nxe4 Nf6 5. Bd3 Nbd7 6. Nf3 Nxe4 7. Bxe4 Nf6
8. Bd3 c5 9. dxc5 Bxc5 10. O-O O-O 11. Bg5 Be7 12. Qe2 Qc7 13. Rfd1 Bd7 14. Ne5
Bc6 15. c4 Rfd8 16. a3 a5 17. Nxc6 bxc6 18. Bd2 Bd6 19. Bc3 Bxh2+ 20. Kh1 Bd6
21. Bxf6 gxf6 22. Qh5 Kf8 23. Be4 Bf4 24. Qxh7 Ke7 25. Rxd8 Qxd8 26. Kg1 Be5
27. Re1 Qh8 28. Qxh8 Rxh8 29. Bxc6 Rc8 30. Bb5 Bxb2 31. a4 Rd8 32. c5 Be5 33.
Rc1 Rd2 34. c6 Bc7 35. g3 Kd6 36. Rc3 f5 37. Kg2 { } 37... Bb6 38. c7 Rxf2+ 39.
Kh3 Bxc7 40. Rc6+ Ke5 41. Rxc7 f4 42. Rxf7 f3 1-0

[Event "xxx"]
[Site ""]
[Date "1998.07.29"]
[Round "5"]
[White "SULYOK, Michael"]
[Black "OLLE, Peter"]
[Result "0-1"]
[WhiteElo "2270"]
[BlackElo "2160"]
[PlyCount "76"]
[EventDate "1998.07.25"]

1. c4 Nf6 2. Nc3 g6 3. e4 e5 4. Nf3 d6 5. d4 exd4 6. Nxd4 Bg7 7. Be2 O-O 8. Bg5
h6 9. Bf4 Re8 10. f3 Nh5 11. Be3 Qh4+ 12. Bf2 Qg5 13. g3 Bh3 14. Qd2 Qxd2+ 15.
Kxd2 Be6 16. Nxe6 fxe6 17. Rad1 a6 18. c5 dxc5 19. Bxc5 Nc6 20. f4 Bxc3+ 21.
bxc3 Nf6 22. Ke3 e5 23. f5 gxf5 24. exf5 Rad8 25. g4 Kg7 26. c4 26... Nd4 { }
27. Bxd4 exd4+ 28. Kf2 Ne4+ 29. Kf1 Nc3 30. Rd2 Nxe2 31. Rxe2 d3 32. Rxe8 Rxe8
33. Kf2 Re2+ 34. Kf3 Rxa2 35. h4 Rc2 36. g5 d2 37. f6+ Kf7 38. gxh6 Kxf6 0-1

[Event "xxx"]
[Site ""]
[Date "1998.07.29"]
[Round "5"]
[White "AMANN, Guenter"]
[Black "VODEP, Otto DI."]
[Result "1/2-1/2"]
[WhiteElo "2260"]
[BlackElo "2105"]
[PlyCount "55"]
[EventDate "1998.07.25"]

1. d4 g6 2. Nf3 Bg7 3. c4 d6 4. g3 f5 5. Bg2 Nf6 6. O-O O-O 7. d5 c6 8. Nc3 e5
9. e4 cxd5 10. cxd5 Na6 11. exf5 gxf5 12. Ng5 Qe7 13. Ne6 Rf7 14. Qb3 Kh8 15.
Be3 Nc7 16. Nxc7 Qxc7 17. Nb5 Qe7 18. Rac1 Bd7 19. Nxa7 Ng4 20. Qxb7 Raf8 21.
Bb6 f4 22. Rc7 fxg3 23. fxg3 Rxf1+ 24. Bxf1 Qf6 25. Bg2 Bf5 26. h3 26... Be4 { 
} 27. hxg4 (27. Rc8 Bxg2 28. Rxf8+ Qxf8 29. Kxg2) 27... Bxg2 28. Kxg2 1/2-1/2